MDQL
is popping MORE tags! Check the
thread
!
Quizzes
Events
Quiz Creation
Community
Videos
Private Events
Remove Ads
Sign In
Join for FREE
Feedback
Dark Mode
Quiz Categories
Sports
Geography
Music
Movies
Television
Just For Fun
Miscellaneous
History
Literature
Language
Science
Gaming
Entertainment
Religion
Holiday
For Kids
Quiz Lab
Recent
Popular Today
Quiz Kudos Today
Editor Picks
Curator Picks
Quizzes by...
Day
Popularity
Type
Ratings
Length
Year
Community
Subscriptions
Recent Discussions
Orange Saloon
Badges
Playlists
Quests
Create
Leaderboards
Showdown
Live 5
Trivia Bingo
Activity
Puzzle Library
Sporcle Events
Private Events
Virtual Trivia
Globe League
Become a Host
Pub Owners
SporcleCon
Opinionation
Our Games
Videos
Blog
Mobile Apps
Partnerships
Remove Ads and Go Orange
Feedback
Sports
Athletes
MLB
NBA
NHL
NFL
Soccer
Sports Teams
WWE
NCAA
Football
Premier League
Basketball
Baseball
Hockey
Golf
Tennis
Cricket
Rugby
Auto Racing
Olympics
World Cup
Sports
Athletes
MLB
NBA
NHL
NFL
Soccer
Sports Teams
WWE
NCAA
Football
Premier League
Basketball
Baseball
Hockey
Golf
Tennis
Cricket
Rugby
Auto Racing
Olympics
World Cup
Random Quiz
Search Sporcle
×
Quiz Lab
Quiz Lab
Sports
MLB
Click on answers out of a set of options
Click on answers out of a set of options
Multiple Choice
Best Score? Go Orange.
Straitouttaboston Trivia Stats
Straitouttaboston Trivia
By
JackS12
10m
10 Questions
10 Plays
10 Plays
10 Plays
Comments
Comments
Give Quiz Kudos
Give Quiz Kudos
-
- Ratings
hide this ad
More Info
Random Order
Randomize order of answers
Randomize order of answers
Replay
Link that replays current quiz
Next Quiz
Link to next quiz in quiz playlist
You Got
0%
They Got
Avg Score
31%
Avg Friend Score
Upgrade to see
Score Distribution
Jump to the score distribution portion of the page
Score
0/10
Timer
10:00
0
Plays Today
Question
Answer
Wrong Answers
What is Straitouttaboston´s first name?
Ian
50%
David
30%
Steven
10%
Max
10%
What is Straitouttaboston´s last name
Vogt
50%
Burns
10%
Brady
10%
Brohnson
30%
What brand of car does Straitouttaboston own
Subaru
40%
Ford
10%
Chevy
0%
Mazda
40%
How Tall is Straitouttaboston
5´ 11´´
40%
6´ 2´´
0%
5´ 8´´
40%
6´ 4´´
10%
What sports did Straitouttaboston play in high school
baseball and basketball
30%
baseball and hockey
30%
football and hockey
10%
basketball and lacrosse
20%
What European sport is Straitouttaboston an avid fan of
Cycling
20%
Rugby
30%
Cricket
40%
Squash
0%
What was the first game that Straitouttaboston played on his channel
Minecraft
20%
Mlb 12 the show
50%
nba 2k12
20%
Call of duty MW3
0%
Which team has Straitouttaboston made two OOTP franchise series on
Tampa Bay Rays
20%
Boston Red Sox
40%
Houston Astros
10%
Colorado Rockies
30%
Where does Straitouttaboston go to college
Union College
20%
Boston University
30%
UMass
30%
Merrimac
20%
What is Straitouttaboston´s PSN name
jvmensathletics
20%
Outtaboston
30%
SoxVgtlver
30%
Flahernever
10%
Quiz Playlist
Details
Report
Send in Message
Add To Playlist
More Info:
Straitouttaboston is a sexy dad and he is the subject of this quiz. His youtube channel focuses on sports games like OOTP MLB The Show and NBA 2k.
Multiple Choice:
Click on answers out of a set of options
Random Order:
Randomize order of answers
Quiz Source
Last Updated: Jul 20, 2017
Quiz Scoreboard
CHALLENGE
Sign Up to Join the Scoreboard
Show All
Scores
Hide
Comments
May contain spoilers
Recently Published
Two Season TV Shows II
by 123Four
Television
10m
Image Sorting: Flags VI
by Barbecue
Geography
2m
Find the 'City' Movie
by crazypaving
Movies
60s
More to Explore
Quiz From the Vault
Featured Blog Post
14 Easter Pick-up Lines to Find Eggs With
hide this ad
You Might Also Like...
Tags
MLB Quiz
Boston
Youtube
Today's Top Quizzes in Sports
Browse Sports
hide this ad
Today's Top Quizzes in MLB
Browse MLB
Top Contributed Quizzes in Sports
1
Les meilleurs buteurs des matchs entre le PSG et l’OM
2
Les entraîneurs de l'OM et du PSG au 21e siècle
3
2022 World Cup Stars
4
Les joueurs passés par le PSG et l'OM
5
Players with Multiple 50 Home Run Seasons
6
FIFA Club World Cup Champions
7
Criteria MLB: Left Handed Sluggers
8
Les joueurs passés par le LOSC et le RC Lens
9
Top 10 NHL Goal Scorers of All Time
10
NBA Logic Puzzle 2.0
Explore More
Trending Topics
Marvel
NBA
Kpop
Harry Potter
Anime
Disney
Crossword
The Office
WWE
Pokémon
Country
Puzzle
Soccer
NFL
Song
hide this ad
More By:
JackS12
Quiz
Plays
Rating
Category
Featured
Created
Straitouttaboston Trivia
10
1.00
Sports
Jul 17, 2017
Go to Creator's Profile
Score Distribution
Quiz Creator Spotlight
JackS12
Follow
Send a Message
Quizzes Created
-
Created Quiz Play Count
-
More By This Creator
Popular Quizzes Today
1
Find the US States - No Outlines Minefield
2
Colored Red Africa Blitz
3
Find the 'City' Movie
4
5x2 Blitz: Bands
5
The Countries of the World
6
Find the Countries of Europe - No Outlines Minefield
7
Find the US States
8
US States
More Sports Quizzes
International Footballers: Spot the Spaniards IV
Quiz Lab
Trending Quizzes
Colored Red Europe Blitz I
Colored Red Africa Blitz II
Colored Red Europe Blitz II
Colored Red Africa Blitz III
Even More Two Season TV Shows
Recently Updated
March Madness Men's Triple Doubles
pecheneg
How Do You Spell That?
pecheneg
Godzilla Movies
pecheneg
Grab Bag: 4-10 Letters
pecheneg
2024 March Madness Bracket
pecheneg
Famous TV Couples
Peacemaker
Champions League XIs: Real Madrid
pecheneg
Largest US Cities 1790-2010
pecheneg
Rides in Walt Disney World
pecheneg
Most Oscar Losses (Acting)
pecheneg
Trending Topics
Harry Potter
Anime
NBA
Marvel
Crossword
Disney
Kpop
Song
Puzzle
Pokémon
The Office
WWE
Country
Soccer
NFL
Your Account Isn't Verified!
In order to create a playlist on Sporcle, you need to verify the email address you used during registration. Go to your
Sporcle Settings
to finish the process.
Report this User
Report this user for behavior that violates our
Community Guidelines
.
Details:
Send Report
Go to the Sporcle.com Mobile Site →
Comments